30 seconds and 30 answers - Statistics

General Stats
  • This quiz has been taken 26 times
  • The average score is 29 of 30
Answer Stats
Answer % Correct
1
100%
10
100%
12
100%
13
100%
14
100%
15
100%
16
100%
17
100%
2
100%
3
100%
4
100%
5
100%
6
100%
7
100%
8
100%
9
100%
11
96%
18
96%
19
96%
20
96%
21
96%
22
96%
23
96%
24
96%
25
96%
26
96%
27
96%
28
96%
29
96%
30
91%
No matching quizzes found
Score Distribution
Percent of People with Each Score
Percentile by Number Answered
Your Score History
You have not taken this quiz